The Outsiders Chain #2 - Statistics

General Stats
  • This quiz has been taken 96 times
  • The average score is 14 of 21
Answer Stats
Hint Answer % Correct
Name of Ponyboy's favorite brother Sodapop
100%
Side of town the greasers are from east
94%
Time of day the rumble took place night
94%
Name of the gang that is poor greasers
92%
The kind of transportation Johnny and Pony used to escape train
92%
Name of the high-class gang Socs
90%
Along with Johnny and Pony, he escorts the girls home from the movie Two-bit
90%
Sodapop is in love with her Sandy
85%
Who gets shot by the cops? Dallas
83%
Who is the oldest Curtis brother? Darrel
81%
Who is Cherry at the drive-in movie with? Marcia
77%
What emotion do all the brothers have towards each other (eventually)? love
75%
What does Darry do for a job? roofing
63%
What did Cherry do to Dally when he started being pushy? yelled at him
58%
What did the guys do when they were stressed? smoked
52%
The farmer was driving this down the road when he gave Johnny directions to the church tractor
50%
Object that Two-bit gave Ponyboy to fight with pop bottle
31%
What did Ponyboy do after Darry hit him? left
23%
What do the boys do as they leave the house before the rumble? acrobatics
17%
What Cherry said the greasers were. emotional
17%
What is one word that describes Johnny? timid
15%
No matching quizzes found
Score Distribution
Percent of People with Each Score
Percentile by Number Answered
Your Score History
You have not taken this quiz